00745nam a2200265Ia 4500008004100000020001800041050001700059050001400076100001800090245002800108245004400136245001800180260001600198260003600214260000900250300001600259300002000275300001100295500005100306650002400357650002300381650003000404650002800434650001700462160303s9999 xx 000 0 und d a0-13-008382-8 aMAIN HD 58.8 b.T46 2002 aTeng, Michael aCorporate turnaround :  bnursing a sick company back to health / cMichael Teng. aSingapore : bPearson Education AsiaPte. Ltd. c2002 a208 pages : billustrations ; c23 cm. aIncludes bibliographical references and index. aBusiness failures.  aBusiness planning. aCorporate turnarounds --  aOrganizational change.  xManagement.